Zisťovanie patentovej situácie výrobkov /

Guardado en:
Detalles Bibliográficos
Autor principal: Pospíšil, Karel (Autor)
Formato: Libro
Lenguaje:eslovaco
Publicado: Bratislava : SlTK-Centrum VTI SR, 1976
Materias:
Etiquetas: Agregar Etiqueta
Sin Etiquetas, Sea el primero en etiquetar este registro!

MARC

LEADER 00000nam a22000003a 4500
001 stu40706
005 20150617225722.7
008 930525s1976----cs------------------slo-d
040 |a STU  |b slo 
041 0 |a slo 
044 |a cs 
080 |a 347.77 
100 1 |a Pospíšil, Karel  |4 aut 
245 1 |a Zisťovanie patentovej situácie výrobkov /  |c [aut.]Karel Pospíšil 
260 |a Bratislava :  |b SlTK-Centrum VTI SR,  |c 1976 
300 |a 54 s 
650 7 |a Právo patentové  |2 stusub 
650 7 |a patenty  |2 stusub 
996 |b 284M022446  |c M*7681-1  |l MMKN  |s A  |a 24  |w stu40706_0001